000 00436nam a2200133 a 4500
001 000040098
005 20201002033921.0
008 130807s1970 mx 000 0 spa d
040 _aDO-SdBNP
_bspa
_cBNPHU
100 1 _aPendered, Norman C.
_966362
245 1 0 _aArtes industriales en la educación /
_cNorman C. Pendered.
260 _aBuenos Aires :
_bCentro Regional de Ayuda Técnica,
_c1970.
300 _a447 p. :
_bil., retrs. ;
_c24 cm.
999 _c39588
_d39588